Daňové stimuly poskytované na podporu vzdelávania vo vybraných štátoch EÚ

Daňové systémy jednotlivých štátov významne vplývajú na mieru zamestnanosti, vytváranie nových pracovných miest, ekonomický rast ako aj prílev zahraničných investícií. Daňová politika štátov EÚ funguje na základe spoločných princípov, avšak daňové systémy týchto štátov vykazujú mnohé odlišné znaky....

Full description

Saved in:
Bibliographic Details
Main Author: Schultzová, Anna
Format: Book Chapter
Language:Slovak
Subjects:
Tags: Add Tag
No Tags, Be the first to tag this record!

MARC

LEADER 00000nla a2200000 4500
001 0226217
005 20240502073721.5
041 0 |a slo 
044 |a SK 
245 1 0 |a Daňové stimuly poskytované na podporu vzdelávania vo vybraných štátoch EÚ  |c Anna Schultzová 
520 |a Daňové systémy jednotlivých štátov významne vplývajú na mieru zamestnanosti, vytváranie nových pracovných miest, ekonomický rast ako aj prílev zahraničných investícií. Daňová politika štátov EÚ funguje na základe spoločných princípov, avšak daňové systémy týchto štátov vykazujú mnohé odlišné znaky. Uplatňovaním princípu daňovej suverenity členské štáty EÚ zodpovedajú za svoje daňové systémy. Uvedené sa prejavuje rôznorodosťou daňových sadzieb, daňovo uznateľných nákladov alebo využívaním daňových stimulov. Značné rozdiely štáty vykazujú aj v stanovení a samotnom uplatňovaní daňových stimulov. Významnou formou podpory finanacovania vzdelávania sú rôzne formy daňových stimulov. 
610 2 0 |a stimuly ekonomické 
610 2 0 |a dane 
610 2 0 |a vzdelávanie celoživotné 
610 2 0 |a porovnanie medzinárodné 
610 2 0 |a Európska únia 
610 2 0 |a Česko 
610 2 0 |a Slovensko 
610 2 0 |a Francúzsko 
610 2 0 |a Nemecko 
610 2 0 |a Švajčiarsko 
100 1 |a Schultzová, Anna